Les Strauss rois de la Valse et la Vienne romantique de leur époque / (Record no. 133686)

MARC details
000 -LEADER
campo de control de longitud fija 00805nam a2200241 i 4500
001 - NÚMERO DE CONTROL
campo de control 133686
003 - IDENTIFICADOR DE NÚMERO DE CONTROL
campo de control ES-MaACL
005 - FECHA Y HORA DE LA ÚLTIMA TRANSACCIÓN
campo de control 20230906194512.0
007 - CAMPO FIJO DE DESCRIPCIÓN FÍSICA--INFORMACIÓN GENERAL
campo de control de longitud fija t|
008 - DATOS DE LONGITUD FIJA--INFORMACIÓN GENERAL
campo de control de longitud fija 070824s1973 fr ||||1| fre d
080 ## - NÚMERO DE LA CLASIFICACIÓN DECIMAL UNIVERSAL
Número de la Clasificación Decimal Universal 929 Strauss
100 1# - ENTRADA PRINCIPAL--NOMBRE DE PERSONA
Nombre de persona Fantel, Hans.
9 (RLIN) 48814
245 14 - MENCIÓN DEL TÍTULO
Título Les Strauss rois de la Valse et la Vienne romantique de leur époque /
Mención de responsabilidad, etc. Hans Fantel ; traduit de l'anglais par Christiane de Lisle.
260 ## - PUBLICACIÓN, DISTRIBUCIÓN, ETC.
Lugar de publicación, distribución, etc. Paris :
Nombre del editor, distribuidor, etc. Buchet :
-- Chastel,
Fecha de publicación, distribución, etc. [1973]
300 ## - DESCRIPCIÓN FÍSICA
Extensión 292 p. ;
Dimensiones 21 cm.
490 1# - MENCIÓN DE SERIE
Mención de serie Collection Musique
500 ## - NOTA GENERAL
Nota general Biblioteca Jacinto Martínez Lacalle.
600 14 - PUNTO DE ACCESO ADICIONAL DE MATERIA--NOMBRE DE PERSONA
Nombre de persona Strauss (familia)-
Subdivisión de forma Biografías.
9 (RLIN) 108406
700 1# - ENTRADA AGREGADA--NOMBRE PERSONAL
Nombre de persona Lisle, Christiane de.
9 (RLIN) 72540
830 0# - PUNTO DE ACCESO ADICIONAL DE SERIE-TÍTULO UNIFORME
Título uniforme Collection Musique
9 (RLIN) 219769
852 ## - LOCALIZACIÓN
Ubicación ES-MaACL
Número de control de estantería E-12026
Sublocalización o colección R.139910
Holdings
Estatus retirado Estado de pérdida Estado de daño No para préstamo Biblioteca de origen Biblioteca actual Ubicación en estantería Fecha de adquisición Fuente de adquisición Total de préstamos Signatura topográfica completa Código de barras Visto por última vez Precio de reemplazo Tipo de ítem Koha
        Biblioteca del Ateneo de Madrid Biblioteca del Ateneo de Madrid Depósito 2 17/01/2008     E-12026 1139167 23/02/2023 23/02/2023 Libro impreso